000 00459nam a2200169Ia 4500
005 20240605010125.0
008 240331s9999 xx 000 0 und d
082 _bEND
_a362
100 _aBhaban,S.K. ed
245 0 _aEndangered humanity :
_ba field observation report on repression on minority hindu women
250 _a1st
260 _aDhaka
_bBangladesh Mahila Parishad
_c2002
300 _a46 p.,
650 _aHumanity
650 _aWomen
942 _cL
999 _c2902
_d2902